LIBRARY & INFORMATION CENTRE, KCAET, TAVANUR

ONLINE PUBLIC ACCESS CATALOGUE (OPAC)

Normal view MARC view
  • Hughes, Edward .

Entry Personal Name

Number of records used in: 1

001 - CONTROL NUMBER

  • control field: 724

003 - CONTROL NUMBER IDENTIFIER

  • control field: OSt

005 - DATE AND TIME OF LATEST TRANSACTION

  • control field: 20160701144639.0

008 - FIXED-LENGTH DATA ELEMENTS

  • fixed length control field: 160701|| aca||aabn | a|a d

040 ## - CATALOGING SOURCE

  • Original cataloging agency: OSt
  • Transcribing agency: OSt

100 ## - HEADING--PERSONAL NAME

  • Personal name: Hughes, Edward .

670 ## - SOURCE DATA FOUND

  • Source citation: Work cat.: (OSt)7335: Hughes, Edward ., Electrical technology / , 1993.
free website counter